Detalles MARC
| 000 -Cabecera |
| Campo de control de longitud fija |
01218aam a2200457 4500 |
| 005 - Fecha y hora de la última transacción |
| Campo de control |
20251024140658.0 |
| 008 - Elementos de longitud fija--Información general |
| Campo de control de longitud fija |
150727b2005 xxu||||| |||| 00| 0 spa d |
| 020 ## - International Standard Book Number |
| Número Internacional Estándar del Libro (ISBN) |
9789685948296 |
| 041 ## - Idioma |
| Código de idioma |
Español |
| 082 ## - Clasificación Decimal Dewey |
| Número de clasificación |
363.25 R457t |
| 100 ## - Entrada principal--Autor personal |
| Nombre personal |
Reyes Calderón, José Adolfo |
| 9 (RLIN) |
38475 |
| 245 ## - Título propiamente dicho |
| Título |
Tratado de criminalística |
| 260 ## - Pie de imprenta |
| Lugar de publicación, distribución, etc. |
México |
| 260 ## - Pie de imprenta |
| Nombre del editor, distribuidor, etc. |
Cardenas Velasco Editores |
| 260 ## - Pie de imprenta |
| Fecha de publicación, distribución, etc. |
2005 |
| 300 ## - Descripción física |
| Extensión |
763 páginas |
| 490 ## - Serie |
| Título de la Serie |
Investigación Criminal |
| 650 ## - Materia general |
| Temática (materia general) |
INVESTIGACIÓN CRIMINAL |
| 650 ## - Materia general |
| Temática (materia general) |
CRIMINALÍSTICA |
| 650 ## - Materia general |
| Temática (materia general) |
ESCENA DEL CRIMEN |
| 650 ## - Materia general |
| Temática (materia general) |
FOTOGRAFÍA |
| 650 ## - Materia general |
| Temática (materia general) |
PLANIMETRÍA |
| 650 ## - Materia general |
| Temática (materia general) |
RASTROS |
| 650 ## - Materia general |
| Temática (materia general) |
DACTILOSCOPÍA |
| 650 ## - Materia general |
| Temática (materia general) |
HUELLAS |
| 650 ## - Materia general |
| Temática (materia general) |
RECONSTRUCCIÓN FACIAL |
| 650 ## - Materia general |
| Temática (materia general) |
SEMENOLOGÍA FORENSE |
| 650 ## - Materia general |
| Temática (materia general) |
BALÍSTICA |
| 650 ## - Materia general |
| Temática (materia general) |
ODONTOSCOPÍA |
| 650 ## - Materia general |
| Temática (materia general) |
ODONTOLOGÍA FORENSE |
| 650 ## - Materia general |
| Temática (materia general) |
TOXICOLOGÍA |
| 650 ## - Materia general |
| Temática (materia general) |
DOCUMENTOSCOPÍA |
| 650 ## - Materia general |
| Temática (materia general) |
IDENTIFICACIÓN DE BIENES MUEBLES |
| 650 ## - Materia general |
| Temática (materia general) |
TÉCNICAS DE ENTREVISTA |
| 650 ## - Materia general |
| Temática (materia general) |
INTERROGATORIO |
| 650 ## - Materia general |
| Temática (materia general) |
ENTREVISTA |
| 650 ## - Materia general |
| Temática (materia general) |
LABORATORIO CRIMINALÍSTICO |
| 650 ## - Materia general |
| Temática (materia general) |
PRUEBA PERICIAL |
| 650 ## - Materia general |
| Temática (materia general) |
INVESTIGADOR |
| 942 ## - Punto de acceso adicional KOHA |
| Tipo de ítem KOHA |
Libro |
| Fuente del sistema de clasificación o colocación |
Dewey Decimal Classification |